00678nam a2200193Mc 450000500170000000800410001702000180005802000180007604000510009404100080014510000210015324500800017426000570025430000220031150400530033365000470038665000340043370000170046720140903175041.0140326s2009 xxu fr 001 0 eng d a9781412929585 a9781412929592 aCO-BoUCMbspacJose A. GerenadDiana Londoño aeng1 aMerrill, Barbara10aUsing biographical methods in social researchcBarbara Merrill, Linden West3 aLos Angeles (California, Estados Unidos)bSAGEc2009 axi, 211 páginas aIncluye referencias bibliográficas e índices 7aCiencias socialesxMétodos biográficos 7aSociologíaxInvestigaciones1 aWest, Linden